000 00619nam a22001697a 4500
003 SGT
020 _a9789351730606
082 _a336MEH
100 _aMEHROTRA,H.C.
245 _aINCOME TAX
250 _a56TH
260 _aNEW DELHI
_bSAHITYA BHAWAN PUBLICATION
_c2015-16
300 _a620
650 _aPUBLIC FINANCE
653 _aIN COME TAX : AN INTRODUCTION AND IMPORTANT DEFINITIONS,AGRICULTURAL INCOME,SET-OFF AND CARRY FORWARD OF LOSSES,DEDUCTIONS FROM GROSS TOTAL INCOME,COMPUTATION OF TOTAL INCOME OF INDIVIDUALS,COMPUTATION OF TAX LIBRARY OF INDIVIDUALS,REBATE AND RELIEF OF TAX
942 _2ddc
_cFCM
_025
999 _c9213
_d9213